000 00615nam a22002297a 4500
001 14443
003 BD-JhCC
005 20251118100925.0
008 251118b |||||||| |||| 00| 0 eng d
020 _a9780141397801
035 _a(BD-JhCC) 14443
040 _aBD-JhCC
_dBD-JhCC
041 _aeng
082 _223
_a951.04
_bSHE
100 _aFu Shen
245 _aThe old man of the moon /
_cShen Fu
260 _aLondon:
_bPenguin Classics,
_c2015
300 _a56p.;
_c17cm.
_ePaper
490 _a Penguin Little black classics
_vN,60
650 _aChinese nineteenth-century - history
942 _2ddc
_cBK
999 _c14443
_d14443